Statystyki dla Miasta w Polsce zakończone na -yce na mapie

Kliknij tutaj aby rozwiązać quiz!

Ogólne statystyki

  • Ten quiz został rozwiązany 55 razy
  • Średni wynik to 8 z 18

Odpowiedzi na mapie

Odpowiedzi skodowane kolorowo w zielono-czerwonej skali na mapie do tego quizu, zgodnie z poniższymi procentami.
 

Statystyki odpowiedzi

WojewództwoMiasto% Poprawnych
PodkarpackieRopczyce
76%
OpolskieGłubczyce
73%
ZachodniopomorskiePyrzyce
73%
Warmińsko-MazurskieBartoszyce
71%
ŚwiętokrzyskieDaleszyce
49%
MałopolskieDobczyce
49%
MałopolskieKoszyce
47%
ŚwiętokrzyskieDziałoszyce
42%
LubelskieBełżyce
40%
WielkopolskieNowe Skalmierzyce
40%
DolnośląskiePieszyce
40%
MazowieckieWyśmierzyce
40%
PodkarpackieKołaczyce
38%
PodkarpackieOleszyce
36%
WielkopolskieSulmierzyce
36%
ZachodniopomorskiePełczyce
33%
LubelskieModliborzyce
31%
ŚwiętokrzyskieRadoszyce
29%

Rozkład punktacji

Percentyl według liczby udzielonych odpowiedzi

Procent ludzi z każdym wynikiem

Twoja historia wyników

Nie rozwiązałeś tego quizu